[Event "BL2-West 1112"]
[Site "Germany"]
[Date "2011.10.02"]
[Round "1.7"]
[White "Kraemer, Matthias"]
[Black "Buscher, Michael"]
[Result "1/2-1/2"]
[WhiteElo "2258"]
[BlackElo "2344"]
[PlyCount "117"]
[EventDate "2011.10.02"]
[EventType "team-tourn"]
[EventRounds "9"]
[EventCountry "GER"]
[SourceTitle "EXT 2015"]
[Source "ChessBase"]
[SourceDate "2014.11.20"]
[SourceVersion "1"]
[SourceVersionDate "2014.11.20"]
[SourceQuality "1"]
[WhiteTeam "Bochum"]
[BlackTeam "Aachen"]
[WhiteTeamCountry "GER"]
[BlackTeamCountry "GER"]

1. e4 c5 2. Nf3 d6 3. d4 cxd4 4. Nxd4 Nf6 5. Nc3 Nc6 6. Bg5 e6 7. Qd2 a6 8. Nxc6 bxc6 9. 0-0-0 Be7 10. Bxf6 gxf6 11. Bc4 h5 12. Rhe1 Qc7 13. f4 Bb7 14. Re3 Rd8 15. Bb3 d5 16. Rd3 Bd6 17. g3 h4 18. Kb1 hxg3 19. hxg3 Kf8 20. Qf2 Kg7 21. Qf3 Kf8 22. R3d2 Be7 23. Rh1 Rxh1+ 24. Qxh1 Bb4 25. e5 fxe5 26. Qh8+ Ke7 27. Qh4+ Kd7 28. Qf6 Kc8 29. fxe5 d4 30. Ne4 Bxd2 31. Nxd2 c5 32. Nc4 Bd5 33. Nd6+ Rxd6 34. exd6 Qxd6 35. Qxf7 c4 36. Qg8+ Kb7 37. Qg7+ Kc8 38. Qg8+ Kc7 39. Qg7+ Kc8 40. Qg8+ Kc7 41. Qg7+ Qd7 42. Qxd7+ Kxd7 43. Ba4+ Kd6 44. Kc1 Ke5 45. Kd2 Ke4 46. c3 dxc3+ 47. Kxc3 e5 48. Bd1 Ke3 49. g4 Bf7 50. b3 cxb3 51. axb3 Bg6 52. b4 Be8 53. g5 e4 54. Bc2 Kf4 55. Kd4 Bg6 56. Bd1 Kxg5 57. Be2 Kf4 58. Bxa6 Be8 59. Bc4 1/2-1/2

[Event "BL2-West 1011"]
[Site "Germany"]
[Date "2011.02.27"]
[Round "7.8"]
[White "Schoebel, Wolfgang"]
[Black "Kraemer, Matthias"]
[Result "0-1"]
[WhiteElo "2251"]
[BlackElo "2274"]
[PlyCount "86"]
[EventDate "2010.10.10"]
[EventType "team-tourn"]
[EventRounds "9"]
[EventCountry "GER"]
[SourceTitle "EXT 2012"]
[Source "ChessBase"]
[SourceDate "2011.11.24"]
[SourceVersion "1"]
[SourceVersionDate "2011.11.24"]
[SourceQuality "1"]
[WhiteTeam "Schoeneck"]
[BlackTeam "Bochum SV"]
[WhiteTeamCountry "GER"]
[BlackTeamCountry "GER"]

1. Nf3 d5 2. g3 Bg4 3. Bg2 Nd7 4. c4 e6 5. 0-0 c6 6. b3 Bd6 7. Bb2 Ngf6 8. d4 Qb8 9. Nbd2 a5 10. Re1 0-0 11. e4 Bb4 12. exd5 cxd5 13. Re3 Rc8 14. Qf1 a4 15. Bc3 Bxc3 16. Rxc3 Qa7 17. c5 Qa5 18. Qc1 Bxf3 19. Nxf3 Ne4 20. Re3 axb3 21. Rxb3 b6 22. c6 Qa4 23. cxd7 Rxc1+ 24. Rxc1 Qxd7 25. Rxb6 h6 26. Rb2 Qa7 27. Rbc2 Qa4 28. Bf1 g5 29. Kg2 Ra7 30. Ne5 Rb7 31. Nc6 Rb1 32. Bd3 Rxc1 33. Rxc1 Qxa2 34. Bxe4 dxe4 35. Re1 Kg7 36. Ne5 f6 37. Ng4 Qd2 38. Rb1 Qxd4 39. Ne3 f5 40. Rb7+ Kg6 41. Rb5 f4 42. gxf4 gxf4 43. Ng4 h5 0-1

[Event "BL2-West 1011"]
[Site "Germany"]
[Date "2011.02.06"]
[Round "6.8"]
[White "Kraemer, Matthias"]
[Black "Rotstein, Arkadij"]
[Result "0-1"]
[WhiteElo "2274"]
[BlackElo "2542"]
[PlyCount "51"]
[EventDate "2010.10.10"]
[EventType "team-tourn"]
[EventRounds "9"]
[EventCountry "GER"]
[SourceTitle "EXT 2012"]
[Source "ChessBase"]
[SourceDate "2011.11.24"]
[SourceVersion "1"]
[SourceVersionDate "2011.11.24"]
[SourceQuality "1"]
[WhiteTeam "Bochum SV"]
[BlackTeam "Koeln Porz"]
[WhiteTeamCountry "GER"]
[BlackTeamCountry "GER"]

1. e4 c5 2. Nf3 e6 3. d4 cxd4 4. Nxd4 a6 5. Nc3 Qc7 6. Bd3 Nf6 7. f4 d6 8. Qe2 Nbd7 9. g4 Nc5 10. g5 Nfd7 11. Bd2 g6 12. f5 Ne5 13. Rf1 Bd7 14. b4 Ncxd3+ 15. cxd3 Be7 16. Rc1 Qb6 17. Nb3 Rc8 18. a3 a5 19. fxe6 fxe6 20. Be3 Qa6 21. Kd2 axb4 22. axb4 Qa3 23. Nd4 Qxb4 24. h4 Rf8 25. Rc2 Rxf1 26. Qxf1 0-1

[Event "BL2-West 1011"]
[Site "Germany"]
[Date "2010.12.12"]
[Round "4.7"]
[White "Kraemer, Matthias"]
[Black "Brendel, Oliver"]
[Result "0-1"]
[WhiteElo "2274"]
[BlackElo "2389"]
[PlyCount "50"]
[EventDate "2010.10.10"]
[EventType "team-tourn"]
[EventRounds "9"]
[EventCountry "GER"]
[SourceTitle "EXT 2012"]
[Source "ChessBase"]
[SourceDate "2011.11.24"]
[SourceVersion "1"]
[SourceVersionDate "2011.11.24"]
[SourceQuality "1"]
[WhiteTeam "Bochum SV"]
[BlackTeam "Hofheim"]
[WhiteTeamCountry "GER"]
[BlackTeamCountry "GER"]

1. e4 c5 2. Nf3 g6 3. Nc3 Bg7 4. d4 cxd4 5. Nxd4 Nc6 6. Be3 Nf6 7. Bc4 0-0 8. Bb3 d6 9. f3 Bd7 10. h4 h5 11. Qd2 Nxd4 12. Bxd4 b5 13. g4 e5 14. Be3 hxg4 15. Bg5 gxf3 16. h5 gxh5 17. 0-0-0 Bg4 18. Rdg1 b4 19. Nd5 Nxe4 20. Rxg4 Nxd2 21. Bxd8 Rfxd8 22. Rxh5 f2 23. Ne3 Nxb3+ 24. axb3 f5 25. Rxf5 Rf8 0-1

[Event "BL2-West 1011"]
[Site "Germany"]
[Date "2010.11.14"]
[Round "3.8"]
[White "Kraemer, Matthias"]
[Black "Backwinkel, Paul"]
[Result "0-1"]
[WhiteElo "2274"]
[BlackElo "2333"]
[PlyCount "150"]
[EventDate "2010.10.10"]
[EventType "team-tourn"]
[EventRounds "9"]
[EventCountry "GER"]
[SourceTitle "EXT 2012"]
[Source "ChessBase"]
[SourceDate "2011.11.24"]
[SourceVersion "1"]
[SourceVersionDate "2011.11.24"]
[SourceQuality "1"]
[WhiteTeam "Bochum SV"]
[BlackTeam "Bochum 31"]
[WhiteTeamCountry "GER"]
[BlackTeamCountry "GER"]

1. e4 g6 2. d4 Bg7 3. Be3 c6 4. Qd2 d5 5. e5 f6 6. f4 Nh6 7. Nf3 Bg4 8. Nh4 Nf5 9. h3 Nxe3 10. Qxe3 Bc8 11. Nc3 fxe5 12. fxe5 e6 13. Nf3 Nd7 14. h4 Qe7 15. h5 gxh5 16. Rxh5 Nf8 17. 0-0-0 Bd7 18. Bd3 0-0-0 19. Rdh1 Be8 20. R5h3 h5 21. Ne2 Nd7 22. g4 Bf7 23. Nf4 Rhg8 24. Bh7 Rge8 25. c3 Nb6 26. Bd3 Rg8 27. Rg1 Rh8 28. Kb1 Nd7 29. Nh4 Qg5 30. Nf3 Qe7 31. Nh4 Qg5 32. Nhg6 Bxg6 33. Nxg6 Qxe3 34. Rxe3 Rhe8 35. Rf3 Nf8 36. Nf4 Nd7 37. Nxh5 Re7 38. Rgf1 Rf8 39. Kc2 Rxf3 40. Rxf3 c5 41. Kd2 cxd4 42. cxd4 Nb8 43. Ke3 Nc6 44. Rf2 a6 45. Be2 Kd7 46. Rh2 Bf8 47. Nf6+ Kc7 48. Ng8 Rg7 49. Nh6 Be7 50. a3 Bg5+ 51. Kd3 Bc1 52. Bf3 Rh7 53. g5 Bxg5 54. Ng4 Rxh2 55. Nxh2 Bc1 56. Bg4 Bxb2 57. Bxe6 Bxa3 58. Bxd5 Nb4+ 59. Ke4 Nxd5 60. Kxd5 b5 61. Nf1 a5 62. Ne3 a4 63. Nc4 Bf8 64. Nd2 Kb6 65. Ke6 Bh6 66. Ne4 a3 67. Nc5 a2 68. Nb3 b4 69. Kd5 Kb5 70. e6 Bg5 71. Na1 Be7 72. Nb3 Bf6 73. Na1 Be7 74. Nb3 Ka4 75. Kc4 Ka3 0-1

[Event "Oberliga NRW 0910"]
[Site "Germany"]
[Date "2010.04.25"]
[Round "9.6"]
[White "Wagenknecht, Uwe"]
[Black "Kraemer, Matthias"]
[Result "0-1"]
[WhiteElo "2190"]
[BlackElo "2291"]
[PlyCount "66"]
[EventDate "2009.09.20"]
[EventType "team-tourn"]
[EventRounds "9"]
[EventCountry "GER"]
[SourceTitle "EXT 2011"]
[Source "ChessBase"]
[SourceDate "2010.11.26"]
[SourceVersion "1"]
[SourceVersionDate "2010.11.26"]
[SourceQuality "1"]
[WhiteTeam "Bielefeld"]
[BlackTeam "Bochum"]
[WhiteTeamCountry "GER"]
[BlackTeamCountry "GER"]

1. Nf3 g6 2. c4 Bg7 3. Nc3 c5 4. g3 Nc6 5. Bg2 e6 6. 0-0 Nge7 7. Ne4 d6 8. d3 0-0 9. Rb1 h6 10. Be3 Nf5 11. Bd2 b6 12. Nc3 Bb7 13. Ne1 Qd7 14. Nc2 Nfd4 15. Ne3 a6 16. a3 b5 17. b4 cxb4 18. axb4 Ne5 19. Bxb7 Qxb7 20. f4 Nd7 21. Qe1 Rac8 22. Qf2 Rfd8 23. Rfc1 Nb6 24. cxb5 axb5 25. Ne4 Rxc1+ 26. Rxc1 Nb3 27. Rc2 f5 28. Nc3 Nxd2 29. Nxb5 Nc8 30. Nc7 Kf7 31. Qe1 Nb3 32. Nd1 Nd4 33. Rc4 Nb6 0-1

[Event "Oberliga NRW 0910"]
[Site "Germany"]
[Date "2010.01.31"]
[Round "6.7"]
[White "Rott, Georg"]
[Black "Kraemer, Matthias"]
[Result "1-0"]
[WhiteElo "2186"]
[BlackElo "2291"]
[PlyCount "85"]
[EventDate "2009.09.20"]
[EventType "team-tourn"]
[EventRounds "9"]
[EventCountry "GER"]
[SourceTitle "EXT 2011"]
[Source "ChessBase"]
[SourceDate "2010.11.26"]
[SourceVersion "1"]
[SourceVersionDate "2010.11.26"]
[SourceQuality "1"]
[WhiteTeam "Muenster"]
[BlackTeam "Bochum"]
[WhiteTeamCountry "GER"]
[BlackTeamCountry "GER"]

1. e4 c5 2. c3 Nf6 3. e5 Nd5 4. Nf3 e6 5. Bc4 d6 6. 0-0 Nc6 7. d4 cxd4 8. exd6 Qxd6 9. Nxd4 Nxd4 10. Qxd4 Nb6 11. Bb5+ Bd7 12. Bxd7+ Nxd7 13. Qg4 Nf6 14. Qf3 Qd5 15. Qe2 Rd8 16. Be3 a6 17. c4 Qc6 18. Nc3 Be7 19. Rfc1 0-0 20. Rab1 Rc8 21. b3 Rfd8 22. Na4 Qe4 23. Rd1 Nd7 24. Nc3 Qc6 25. Bd4 Nf6 26. h3 Kh8 27. Rbc1 Qc7 28. Qe3 Qc6 29. Nd5 exd5 30. Qxe7 Rd7 31. Qe3 Re8 32. Qg3 dxc4 33. Rxc4 Qe6 34. Rdc1 h6 35. Bc3 Qb6 36. Rg4 Rg8 37. Rh4 Rd5 38. Qf3 Rd6 39. Qf4 Kh7 40. Qf5+ Kh8 41. Qf3 Qc6 42. Qe3 Rc8 43. Rc4 1-0

[Event "Oberliga NRW 0910"]
[Site "Germany"]
[Date "2009.12.20"]
[Round "4.8"]
[White "Kraemer, Matthias"]
[Black "Mainusch, Martin"]
[Result "1/2-1/2"]
[WhiteElo "2291"]
[BlackElo "2116"]
[PlyCount "108"]
[EventDate "2009.09.20"]
[EventType "team-tourn"]
[EventRounds "9"]
[EventCountry "GER"]
[SourceTitle "EXT 2011"]
[Source "ChessBase"]
[SourceDate "2010.11.26"]
[SourceVersion "1"]
[SourceVersionDate "2010.11.26"]
[SourceQuality "1"]
[WhiteTeam "Bochum"]
[BlackTeam "Muelheim Nord II"]
[WhiteTeamCountry "GER"]
[BlackTeamCountry "GER"]

1. e4 e6 2. d4 d5 3. e5 c5 4. c3 Nc6 5. Nf3 cxd4 6. cxd4 Bd7 7. Nc3 Nge7 8. Bd3 Ng6 9. h4 Be7 10. h5 Nh4 11. Nxh4 Bxh4 12. Qg4 Be7 13. Qxg7 Rf8 14. Qg4 Qb6 15. Rh3 0-0-0 16. Qe2 f5 17. f4 Nxd4 18. Qf2 Nc6 19. Qxb6 axb6 20. Kf1 Rg8 21. Bd2 Nb4 22. Bb5 Bxb5+ 23. Nxb5 d4 24. Bxb4 Bxb4 25. Rd3 Rd5 26. Rc1+ Rc5 27. Nd6+ Kb8 28. Rc4 Rxc4 29. Nxc4 Rc8 30. Rxd4 b5 31. Ne3 Bc5 32. Rd3 Bb6 33. Ke2 Rc1 34. Rd6 Bxe3 35. Kxe3 Rc2 36. Rxe6 Rxb2 37. Rh6 Rxa2 38. Rxh7 b4 39. Rd7 Rxg2 40. Kd3 b3 41. Kc3 b2 42. Rd1 Rh2 43. e6 Re2 44. Rh1 Rxe6 45. Kxb2 Rh6 46. Kc3 Kc7 47. Kd4 Kd6 48. Rh2 Rh7 49. h6 Ke6 50. Rb2 Rd7+ 51. Ke3 Kf7 52. Rb6 Kg8 53. Kf2 Rc7 54. Kg3 Rc6 1/2-1/2

[Event "Oberliga NRW 0809"]
[Site "Germany"]
[Date "2008.11.30"]
[Round "4.7"]
[White "Nautsch, Werner"]
[Black "Kraemer, Matthias"]
[Result "1/2-1/2"]
[WhiteElo "2277"]
[BlackElo "2298"]
[PlyCount "70"]
[EventDate "2008.09.21"]
[EventType "team-tourn"]
[EventRounds "9"]
[EventCountry "GER"]
[SourceTitle "EXT 2010"]
[Source "ChessBase"]
[SourceDate "2010.11.25"]
[SourceVersion "1"]
[SourceVersionDate "2010.11.25"]
[SourceQuality "1"]
[WhiteTeam "Katernberg II"]
[BlackTeam "Bochum"]
[WhiteTeamCountry "GER"]
[BlackTeamCountry "GER"]

1. d4 d5 2. c4 dxc4 3. e3 Nf6 4. Bxc4 e6 5. Nf3 c5 6. 0-0 a6 7. a4 Nc6 8. Nc3 Be7 9. d5 exd5 10. Nxd5 Nxd5 11. Bxd5 Nb4 12. e4 0-0 13. Qb3 Nxd5 14. exd5 Bd6 15. Bg5 f6 16. Bh4 Rf7 17. Bg3 Bf5 18. Rfe1 Rc8 19. Nd2 c4 20. Qf3 Bxg3 21. Qxf5 Be5 22. Rac1 Rfc7 23. Qe6+ Kh8 24. d6 Qxd6 25. Qxd6 Bxd6 26. Rxc4 Kg8 27. b3 b5 28. axb5 axb5 29. Rxc7 Rxc7 30. Ne4 Be7 31. g4 Rd7 32. Kg2 Kf7 33. Kf3 Rd5 34. Nc3 Rc5 35. Re3 f5 1/2-1/2

[Event "Oberliga NRW 0809"]
[Site "Germany"]
[Date "2008.10.12"]
[Round "2.8"]
[White "Gutowski, Andre"]
[Black "Kraemer, Matthias"]
[Result "0-1"]
[WhiteElo "2168"]
[BlackElo "2298"]
[PlyCount "98"]
[EventDate "2008.09.21"]
[EventType "team-tourn"]
[EventRounds "9"]
[EventCountry "GER"]
[SourceTitle "EXT 2010"]
[Source "ChessBase"]
[SourceDate "2010.11.25"]
[SourceVersion "1"]
[SourceVersionDate "2010.11.25"]
[SourceQuality "1"]
[WhiteTeam "Nord II"]
[BlackTeam "Bochum"]
[WhiteTeamCountry "GER"]
[BlackTeamCountry "GER"]

1. c4 g6 2. g3 Bg7 3. Bg2 d6 4. Nc3 Nc6 5. e4 Nd4 6. Nge2 Bg4 7. h3 Bf3 8. 0-0 Bxg2 9. Kxg2 c5 10. d3 e6 11. Nxd4 cxd4 12. Qa4+ Qd7 13. Nb5 Kf8 14. Qa3 Rd8 15. Qxa7 Ne7 16. Nxd4 Nc8 17. Nxe6+ fxe6 18. Qa3 h6 19. Be3 Ne7 20. d4 d5 21. cxd5 exd5 22. e5 Kg8 23. Rac1 Kh7 24. g4 Rc8 25. Qd6 Qxd6 26. exd6 Rxc1 27. Rxc1 Nc6 28. Rc5 Rd8 29. Rxd5 Rd7 30. a3 Bf8 31. Bf4 Kg7 32. b4 Kf7 33. b5 Na5 34. Rc5 Bxd6 35. Bxd6 Rxd6 36. b6 Nc6 37. d5 Ne7 38. Rc7 Rxb6 39. d6 Rxd6 40. Rxb7 Ra6 41. Rb3 Ra4 42. Kg3 Nd5 43. f3 Rc4 44. h4 Kf6 45. Rb8 Rc2 46. Rf8+ Ke7 47. Rh8 Kf7 48. Rxh6 Kg7 49. g5 Ne3 0-1